Arquitectura y espacio urbano : (Registro nro. 280453)

Detalles MARC
000 -LEADER
fixed length control field 01689nam a2200373Ii 4500
001 - CONTROL NUMBER
control field DIGIDPC0045
003 - CONTROL NUMBER IDENTIFIER
control field NyNyDIG
008 - FIXED-LENGTH DATA ELEMENTS--GENERAL INFORMATION
fixed length control field 231018s2014 ck abe ob 100 0 spa d
006 - FIXED-LENGTH DATA ELEMENTS--ADDITIONAL MATERIAL CHARACTERISTICS
fixed length control field m o d
007 - PHYSICAL DESCRIPTION FIXED FIELD--GENERAL INFORMATION
fixed length control field cr |||||||||||
020 ## - INTERNATIONAL STANDARD BOOK NUMBER
Canceled/invalid ISBN 9789585823129
035 ## - SYSTEM CONTROL NUMBER
System control number (OCoLC)1409625379
040 ## - CATALOGING SOURCE
Original cataloging agency DGITA
Language of cataloging eng
Description conventions rda
-- pn
Transcribing agency DGITA
043 ## - GEOGRAPHIC AREA CODE
Geographic area code cl-----
050 14 - LIBRARY OF CONGRESS CALL NUMBER
Classification number NA702.5 ebook
111 2# - MAIN ENTRY--MEETING NAME
Meeting name or jurisdiction name as entry element Seminario de Arquitectura Latinoamericana
Date of meeting or treaty signing (2013 :
Location of meeting Bogotá, Colombia),
Relator term author.
245 10 - TITLE STATEMENT
Title Arquitectura y espacio urbano :
Remainder of title memorias del futuro /
Statement of responsibility, etc. SAL15 Seminario de arquitectura latinoamericana Bogotá 2013.
264 #1 - PRODUCTION, PUBLICATION, DISTRIBUTION, MANUFACTURE, AND COPYRIGHT NOTICE
Place of production, publication, distribution, manufacture Bogotá, Colombia :
Name of producer, publisher, distributor, manufacturer Instituto Distrital de Patrimonio Cultural :
-- Fundación Rogelio Salmona,
Date of production, publication, distribution, manufacture, or copyright notice [2014]
300 ## - PHYSICAL DESCRIPTION
Extent 1 online resource :
Other physical details illustrations, maps, plans.
336 ## - CONTENT TYPE
Content type term text
Content type code txt
Source rdacontent
337 ## - MEDIA TYPE
Media type term computer
Media type code c
Source rdamedia
338 ## - CARRIER TYPE
Carrier type term online resource
Carrier type code cr
Source rdacarrier
347 ## - DIGITAL FILE CHARACTERISTICS
File type text file
Source rdaft
347 ## - DIGITAL FILE CHARACTERISTICS
Encoding format PDF
504 ## - BIBLIOGRAPHY, ETC. NOTE
Bibliography, etc. note Includes bibliographical references.
650 #0 - SUBJECT ADDED ENTRY--TOPICAL TERM
Topical term or geographic name entry element Architecture
Geographic subdivision Latin America
Chronological subdivision 21st century
Form subdivision Congresses.
650 #0 - SUBJECT ADDED ENTRY--TOPICAL TERM
Topical term or geographic name entry element Public spaces
Geographic subdivision Latin America
Chronological subdivision 21st century
Form subdivision Congresses.
791 2# -
-- Digitalia (Firm),
-- distributor.
793 0# -
-- Digitalia eBook Collection:
-- Instituto Distrital de Patrimonio Cultural
776 08 - ADDITIONAL PHYSICAL FORM ENTRY
Relationship information Print version:
Main entry heading Seminario de Arquitectura Latinoamericana (2013 : Bogotá, Colombia)
Title Arquitectura y espacio urbano.
Place, publisher, and date of publication Bogotá, Colombia : Instituto Distrital de Patrimonio Cultural : Fundación Rogelio Salmona, 2014
International Standard Book Number 9789585823129
856 40 - ELECTRONIC LOCATION AND ACCESS
Materials specified Digitalia Hispánica
Uniform Resource Identifier <a href="https://www.digitaliapublishing.com/a/129644/">https://www.digitaliapublishing.com/a/129644/</a>
910 ## - USER-OPTION DATA (OCLC)
User-option data Premium collection: 2023
942 ## - ADDED ENTRY ELEMENTS (KOHA)
Koha item type Recurso Electrónico
Existencias
Withdrawn status Lost status Damaged status Not for loan Collection Home library Current library Date acquired Total checkouts Date last seen Price effective from Koha item type
        Digitalia Ebooks Hispanica Biblioteca Digital UIN Biblioteca Digital UIN 04/25/2025   04/25/2025 04/25/2025 Recurso Electrónico

CONTACTO


NOSOTROS


SITIOS DE INTERES

coordinacion.biblioteca.biblioteca@unienlinea.mx Misión, Visión y Objetivos Bases de datos
Directorio Bibliotecas Digitales y Repositorios
Normatividad Revistas y artículos
Convenios interbibliotecarios
Boletines



Hecho en México. Universidad Insurgentes (UIN). Todos los derechos reservados 2024. Esta página y sus contenidos pueden ser reproducidos con fines no lucrativos, siempre y cuando no se mutile, se cite la fuente completa y su dirección electrónicas. De otra forma requiere permiso previo por escrito de la institución




2024 Copyright Universidad Insurgentes | www.bibliouin.com.mx